01488nam a2200325Ia 4500001001200000003000800012006001900020007001500039008004100054020001500095020001800110040002100128035002100149050002600170245023200196260005800428300002300486504004100509533015200550650003400702650002600736655002900762700002000791710003300811710006600844710009000910710001701000856012601017999001901143ebr10459093CaPaEBRm u cr cn|||||||||110323s2011 dcua sb 000 0 eng d z0309161851 z9780309161855 aCaPaEBRcCaPaEBR a(OCoLC)79270046814aRA440.A15bI66 2011eb00aInnovations in health literacyh[electronic resource] :bworkshop summary /cCori Vancheri ; Roundtable on Health Literacy, Board on Population Health and Public Health Practice, Institute of Medicine of the National Academies. aWashington, D.C. :bNational Academies Press,cc2011. axiv, 95 p. :bill. aIncludes bibliographical references. aElectronic reproduction.bPalo Alto, Calif. :cebrary,d2011.nAvailable via World Wide Web.nAccess may be limited to ebrary affiliated libraries. 0aHealth educationvCongresses. 0aLiteracyvCongresses. 7aElectronic books.2local1 aVancheri, Cori.2 aInstitute of Medicine (U.S.)2 aInstitute of Medicine (U.S.).bRoundtable on Health Literacy.2 aInstitute of Medicine (U.S.).bBoard on Population Health and Public Health Practice.2 aebrary, Inc.40uhttp://site.ebrary.com/lib/rucke/Doc?id=10459093zAn electronic book accessible through the World Wide Web; click to view c127167d127167